[Event "Tunja"]
[Site "Tunja"]
[Date "1984.??.??"]
[Round "3"]
[White "Gutierrez, Jose Antonio"]
[Black "Knaak, Rainer"]
[Result "0-1"]
[WhiteElo "2360"]
[BlackElo "2490"]

1.e4 e6 2.d4 d5 3.Nc3 Nf6 4.e5 Nfd7 5.f4 c5 6.Nf3 Nc6 7.Be3 a6 8.Qd2 b5 9.g3 b4
10.Nd1 a5 11.b3 Qc7 12.c4 cxd4 13.Nxd4 Nxd4 14.Bxd4 dxc4 15.Bxc4 Bb7 16.Rf1 Bc5
17.Bxc5 Nxc5 18.Bb5+ Ke7 19.Rc1 Rhd8 20.Qe3 Rac8 21.Ke2 Qb6 22.Bc4 Bg2 23.Rf2 Be4
24.Nb2 Qb7 25.Rd1 Rxd1 26.Kxd1 Bf5 27.Rf1 a4 28.bxa4 Qg2 29.Be2 Ne4 30.Ke1 Nc3
31.Rf2 Qg1+ 32.Bf1 Ne4 33.Nd3 Nxf2 34.Nxf2 Bh3 35.Qa7+ Kf8 36.Qa6 Qxf1+ 37.Qxf1 Bxf1
38.Kxf1 Rc1+ 39.Ke2 Rc2+ 40.Ke3 Rxa2 41.Nd3 b3  0-1

[Event "URS-ch U20"]
[Site "Vilnius"]
[Date "1984.??.??"]
[Round "14"]
[White "Glek, Igor V"]
[Black "Korzubov, Peter"]
[Result "0-1"]
[WhiteElo "2395"]
[BlackElo "2470"]

1.e4 e6 2.d4 d5 3.Nc3 Nf6 4.e5 Nfd7 5.f4 c5 6.Nf3 Nc6 7.Be3 cxd4 8.Nxd4 Bc5
9.Qd2 O-O 10.O-O-O a6 11.Be2 Nxd4 12.Bxd4 b5 13.Bf3 Bb7 14.Bxc5 Nxc5 15.Ne2 Qc7
16.Nd4 Ne4 17.Qe3 b4 18.Kb1 Rac8 19.Rc1 Rfd8 20.Rhd1 Qc5 21.f5 exf5 22.Nxf5 Qxe3
23.Nxe3 d4 24.Nf5 Rc5 25.Nxd4 Rxe5 26.Nb3 Rde8 27.Rd7 Bc6 28.Ra7 Bb5 29.Bxe4 Rxe4
30.Nc5 R4e7 31.Rxe7 Rxe7 32.c4 bxc3 33.Rxc3 f5 34.g3 g5 35.a4 Be2 36.Nd3 Kg7
37.Kc1 Kf6 38.Rc6+ Re6 39.Nb4 Rxc6+ 40.Nxc6 Bf3 41.Nb8 a5 42.Kd2 Ke5 43.Nd7+ Kd4
44.Nf6 h6 45.Ng8 h5 46.Nf6 Ke5 47.Nh7 g4 48.Nf8 Bc6 49.Ke3 Be8 50.Nh7 Bxa4
51.Nf8 Be8 52.Nh7 a4 53.Ng5 Kd5 54.Kd3 Bb5+ 55.Ke3 Kc4 56.Kd2 Kd4 57.Ne6+ Ke4
58.Nf8 Ke5 59.Ke3 Kf6 60.Kf4 Bc4 61.Nh7+ Kg7 62.Ng5 Kg6 63.h4 Bb3 64.Ke5 Bg8
65.Kd4 Kf6 66.Kd3 Ke5 67.Ke3 Kd5 68.Kd3 Kc5 69.Kc3 Kb5 70.Kd3 Kb4 71.Kc2 Kc4
72.Kd2 Kd4 73.Ke2 Bc4+ 74.Kd2 Ke5 75.Nh7 f4 76.gxf4+ Kxf4 77.Nf6 Bf7 78.Ke2 Kg3
79.Ne4+ Kxh4 80.Kf2 Bd5  0-1

[Event "Yerevan"]
[Site "Yerevan"]
[Date "1984.??.??"]
[Round "?"]
[White "Tseshkovsky, Vitaly"]
[Black "Pytel, Krzysztof"]
[Result "1/2-1/2"]
[WhiteElo "2490"]
[BlackElo "2410"]

1.e4 e6 2.d4 d5 3.Nc3 Nf6 4.e5 Nfd7 5.f4 c5 6.Nf3 Nc6 7.Be3 a6 8.Qd2 b5 9.Be2 b4
10.Na4 cxd4 11.Nxd4 Nxd4 12.Bxd4 Qa5 13.b3 Nc5 14.Nb2 Bd7 15.Qe3 Rc8 16.O-O Be7
17.Bf3 O-O 18.Rfd1 Qb5 19.a3 a5 20.axb4 axb4 21.Ra7 Ra8 22.Rda1 Rxa7 23.Rxa7 Rc8
24.Qe1 Bf8 25.h3 g6 26.Kh2 Be8 27.Ra2 Qb8 28.Qe3 Qc7 29.g4 Bb5 30.Kg3 Na6
31.Nd1 Nb8 32.Nf2 Nc6 33.Bc5 d4 34.Bxd4 Nxd4 35.Qxd4 Bc5 36.Qe4 Qb6 37.Qe1 Be3
38.Nd1 Bd4 39.Nf2 Bc3 40.Qe4 Bc6 41.Qe2 Bb5  1/2-1/2

[Event "AUT-ch"]
[Site "?"]
[Date "1985.??.??"]
[Round "1"]
[White "Roth, Peter"]
[Black "Stoppel, Franz"]
[Result "1-0"]
[WhiteElo "2325"]
[BlackElo "2255"]

1.e4 e6 2.d4 d5 3.Nc3 Nf6 4.e5 Nfd7 5.f4 c5 6.Nf3 Nc6 7.Be3 cxd4 8.Nxd4 Nxd4
9.Bxd4 Nb8 10.Bd3 Nc6 11.Bf2 Qa5 12.O-O a6 13.a3 Bc5 14.b4 Bxf2+ 15.Rxf2 Qc7
16.Na4 Ne7 17.Qh5 b6 18.Qg5 Bd7 19.Nb2 Qc3 20.Ra2 Kf8 21.Nd1 Qd4 22.Be2 Qd2
23.Qg4 Qc1 24.Rf1 Nf5 25.Qh3 Qd2 26.Qd3 Qc1 27.a4 h5 28.g4 hxg4 29.Bxg4 Qb1
30.Rb2 Qc1 31.Bxf5 exf5 32.Qxd5 Rd8 33.Qd4 Rh3 34.Nf2 Qe3 35.Qd6+ Ke8 36.Rb3  1-0

[Event "AUT-ch"]
[Site "?"]
[Date "1985.??.??"]
[Round "6"]
[White "Klinger, Josef"]
[Black "Kargl, Kurt"]
[Result "1/2-1/2"]
[WhiteElo "2495"]
[BlackElo "2305"]

1.e4 e6 2.Nc3 d5 3.d4 Nf6 4.e5 Nfd7 5.f4 c5 6.Nf3 Nc6 7.Be3 cxd4 8.Nxd4 Nxd4
9.Bxd4 Nb8 10.Qd2 Nc6 11.O-O-O Qa5 12.Kb1 Bd7 13.Be2 Rc8 14.f5 Bb4 15.Qg5 Nxd4
16.Rxd4 Rxc3 17.bxc3 Bxc3 18.Rd3 h6 19.Qf4 d4 20.Rxc3 dxc3 21.Ka1 exf5 22.Rb1 O-O
23.Bc4 b5 24.Qd4 Qc7 25.Bb3 Re8 26.Qd5 Be6 27.Qxb5 Rb8 28.Qa4 Qxe5 29.Qxa7 Rb5
30.Qe7 Qb8 31.Rd1 Qe5 32.Qd6 Qxd6 33.Rxd6 Re5 34.Rd1 Re2 35.a4 Rxg2 36.a5 Rd2
37.Re1 Rd6 38.Ka2 Ra6 39.Re5 f4 40.Bxe6 fxe6 41.Kb3 Kf7 42.Kxc3 Kf6 43.Rb5 g5
44.h3 h5 45.Kd3 Rd6+ 46.Ke4 Rd1 47.h4 Re1+ 48.Kf3 Re3+ 49.Kf2 g4 50.Rb3 g3+
51.Kf1 Re5 52.Ra3 Rd5 53.a6 Rd1+ 54.Kg2 Rd2+ 55.Kf1 Rd1+ 56.Kg2  1/2-1/2

[Event "Boeblingen op"]
[Site "Boeblingen"]
[Date "1985.??.??"]
[Round "?"]
[White "Hort, Vlastimil"]
[Black "Steglich, Walter"]
[Result "1-0"]
[WhiteElo "2560"]
[BlackElo "2200"]

1.d4 Nf6 2.Nc3 e6 3.e4 d5 4.e5 Nfd7 5.f4 c5 6.Nf3 Nc6 7.Be3 a6 8.Qd2 g6 9.Be2 b5
10.Nd1 Bb7 11.Nf2 h5 12.O-O c4 13.Nh3 Be7 14.Nhg5 Nf8 15.b3 Nh7 16.Nh3 Rc8
17.c3 Na5 18.b4 Nc6 19.a4 Qd7 20.Bd1 Bd8 21.Bf2 Ne7 22.Bh4 Bb6 23.Nhg5 Nxg5
24.Bxg5 Ng8 25.Bc2 Bd8 26.Qf2 Bc6 27.axb5 Bxb5 28.Qh4 Nh6 29.Rae1 Ra8 30.Bf6 Ba4
31.Bb1 Ng8 32.Bxd8 Qxd8 33.Ng5 Nh6 34.Qh3 Qe7 35.Qf3 Kd7 36.Rf2 Bb3 37.Bc2 Bxc2
38.Rxc2 Rhb8 39.Ra2 Kc6 40.Rea1 Rb6 41.Ne4 Nf5 42.Nc5 g5 43.Nxa6 gxf4 44.b5+ Rxb5
45.Nb4+ Rxb4 46.Rxa8 Rb6 47.Qxf4 Qb7 48.Qc1 h4 49.Qd1 Rb3 50.R8a6+  1-0

[Event "Capablanca mem-B"]
[Site "Cienfuegos"]
[Date "1985.??.??"]
[Round "3"]
[White "Tatai, Stefano"]
[Black "Huerta, Ramon"]
[Result "1-0"]
[WhiteElo "2475"]
[BlackElo "2440"]

1.e4 e6 2.d4 d5 3.Nc3 Nf6 4.e5 Nfd7 5.f4 c5 6.Nf3 Nc6 7.Be3 cxd4 8.Nxd4 Qb6
9.Ncb5 Qd8 10.Nb3 Be7 11.Bd3 a6 12.N5d4 Nxd4 13.Bxd4 b6 14.O-O Nc5 15.Qe2 g6
16.Qe3 Rb8 17.Be2 Bd7 18.Nd2 Bc6 19.b4 Ne4 20.c3 O-O 21.Bxa6 Nxd2 22.Qxd2 b5
23.a4 bxa4 24.Ra2 Qd7 25.Bd3 Bd8 26.Qe3 Ra8 27.Qe2 Rb8 28.Rb1 Bb5 29.Bxb5 Qxb5
30.Qxb5 Rxb5 31.Rxa4 Bb6 32.Bxb6 Rxb6 33.b5 Rc8 34.Rb3 Rc5 35.Rab4 Kg7 36.Kf2 g5
37.fxg5 Kg6 38.Ke3 Kxg5 39.Kd4 Rc7 40.Ra3 Kf5 41.Ra6 Rbb7 42.Rc6 Rd7 43.Rb2 h5
44.b6 h4 45.h3 Kf4 46.Rc8 Kg3  1-0

[Event "Munich op"]
[Site "Munich"]
[Date "1985.??.??"]
[Round "?"]
[White "Mayer, K."]
[Black "Huebel, K."]
[Result "1/2-1/2"]
[WhiteElo "2200"]
[BlackElo "2200"]

1.e4 e6 2.d4 d5 3.Nc3 Nf6 4.e5 Nfd7 5.f4 c5 6.Nf3 Nc6 7.Be3 Be7 8.dxc5 Nxc5
9.Qd2 a6 10.O-O-O b5 11.Qf2 b4 12.Bxc5 bxc3 13.f5 Qa5 14.Bxe7 cxb2+ 15.Kb1 Kxe7
16.f6+ Ke8 17.fxg7 Rg8 18.Ng5 Rxg7 19.Qf6 Nb4 20.Bc4 dxc4 21.a3 Rxg5 22.Qh8+ Ke7
23.Qf6+ Ke8 24.Qh8+ Ke7 25.Qf6+  1/2-1/2

[Event "Wch U20"]
[Site "Sharjah"]
[Date "1985.??.??"]
[Round "5"]
[White "Klinger, Josef"]
[Black "Borges Mateos, Juan"]
[Result "1-0"]
[WhiteElo "2460"]
[BlackElo "2320"]

1.e4 e6 2.d4 d5 3.Nc3 Nf6 4.e5 Nfd7 5.f4 c5 6.Nf3 Nc6 7.Be3 cxd4 8.Nxd4 Qb6
9.Qd2 Qxb2 10.Rb1 Qa3 11.Be2 Nxd4 12.Bxd4 a6 13.f5 Bc5 14.fxe6 fxe6 15.Nxd5 exd5
16.e6 O-O 17.exd7 Bxd7 18.Rb3 Qxa2 19.Bxc5 Rfe8 20.O-O Rac8 21.Bd4 Qa4 22.Rg3  1-0

[Event "Wch U20"]
[Site "Sharjah"]
[Date "1985.??.??"]
[Round "13"]
[White "Fernandez, E."]
[Black "Borges Mateos, Juan"]
[Result "1/2-1/2"]
[WhiteElo "2240"]
[BlackElo "2320"]

1.e4 e6 2.d4 d5 3.Nc3 Nf6 4.e5 Nfd7 5.f4 c5 6.Nf3 Nc6 7.Be3 cxd4 8.Nxd4 Qb6
9.Qd2 Qxb2 10.Rb1 Qa3 11.Rb3 Qa5 12.Ncb5 Qxd2+ 13.Kxd2 Kd8 14.Nxc6+ bxc6
15.Nxa7 Kc7 16.Nxc8 Kxc8 17.Be2 Bc5 18.Ra1 Kc7 19.a4 Ra5 20.Bd3 g6 21.Rab1 Bxe3+
22.Kxe3 Nc5 23.Rc3 Rd8 24.Kf3 Nxd3 25.cxd3 Rda8 26.Rcb3 R8a7 27.Rb8 c5 28.Rf8 Kc6
29.Rbb8 Rxa4 30.Rfc8+ Rc7 31.Rd8 c4 32.d4 Rb7 33.Rd6+ Kc7 34.Rf8 Ra3+ 35.Kg4 c3
36.Rxf7+ Kb8 37.Rf8+ Kc7 38.Rf7+ Kb8 39.Rf8+ Kc7 40.Rf7+ Kb8  1/2-1/2

[Event "Szirak"]
[Site "Szirak"]
[Date "1985.??.??"]
[Round "5"]
[White "Sax, Gyula"]
[Black "Klinger, Josef"]
[Result "1-0"]
[WhiteElo "2535"]
[BlackElo "2460"]

1.e4 e6 2.d4 d5 3.Nc3 Nf6 4.e5 Nfd7 5.f4 c5 6.Nf3 Nc6 7.Be3 cxd4 8.Nxd4 Qb6
9.a3 Bc5 10.Na4 Qa5+ 11.c3 Bxd4 12.Bxd4 Nxd4 13.Qxd4 b6 14.Qb4 Qxb4 15.axb4 O-O
16.Bb5 f6 17.exf6 Rxf6 18.Bxd7 Bxd7 19.Nxb6 Rd8 20.Rxa7 Be8 21.O-O e5 22.Ra8 Rxa8
23.Nxa8 exf4 24.Nc7 Bc6 25.b5 Bb7 26.Rd1 Rf5 27.Ne6 g5 28.Nc5 Ba8 29.Ra1 Rf8
30.b6 Bc6 31.b7 d4 32.cxd4 Rd8 33.d5 Bxb7 34.Nxb7 Rxd5 35.Rb1 Rb5 36.Nd6 Rb4
37.b3 Kg7 38.Nc4 Kf6 39.Kf2 g4 40.Ke2 Kf5 41.Kd3 h5 42.Kc3 Rb8 43.b4 f3 44.gxf3 gxf3
45.Rf1 Kf4 46.Nd2 Rc8+ 47.Kb2 Ke3 48.Nxf3 Ke2 49.Rc1 Rb8 50.Nd4+ Kd3 51.Nc6 Rg8
52.Rc3+ Ke4 53.b5 h4 54.b6 Rg2+  1-0

[Event "Vestmannaeyjum"]
[Site "Vestmannaeyjum"]
[Date "1985.??.??"]
[Round "1"]
[White "Arnason, Jon L"]
[Black "Asmundsson, Ingvar"]
[Result "1-0"]
[WhiteElo "2495"]
[BlackElo "2400"]

1.e4 e6 2.d4 d5 3.Nc3 Nf6 4.e5 Nfd7 5.f4 c5 6.Nf3 Nc6 7.Be3 f5 8.exf6 Qxf6
9.Nb5 cxd4 10.Nfxd4 Bb4+ 11.c3 Ba5 12.Qg4 Nd8 13.Nb3 Bb6 14.Bxb6 Nxb6 15.Nc7+ Kf7
16.Nxa8 Nxa8 17.Bd3 g6 18.O-O Kg7 19.Rae1 Nc7 20.f5 exf5 21.Bxf5  1-0

[Event "Berlin op"]
[Site "Berlin-West"]
[Date "1986.??.??"]
[Round "?"]
[White "Kosten, Anthony C"]
[Black "Drasko, Milan"]
[Result "1-0"]
[WhiteElo "2455"]
[BlackElo "2435"]

1.e4 e6 2.d4 d5 3.Nc3 Nf6 4.e5 Nfd7 5.f4 c5 6.Nf3 Nc6 7.Be3 cxd4 8.Nxd4 Qb6
9.Qd2 Qxb2 10.Rb1 Qa3 11.Ncb5 Qxa2 12.Rb3 Nc5 13.Nc7+ Kd7 14.Nxa8 Nxb3 15.Nxb3 Bb4
16.c3 Qxb3 17.cxb4 b6 18.Bb5 Bb7 19.Nxb6+ axb6 20.O-O Ra8 21.f5 Ra2 22.Qd4 Qb2
23.fxe6+ fxe6 24.Qg4 Qxe5 25.Bd4 h5 26.Rf7+ Kd8 27.Bxb6+ Kc8 28.Rf8+ Kd7
29.Qg6 Ra1+ 30.Bf1 Rxf1+ 31.Rxf1 Ba6 32.Rf7+ Ne7 33.Qb1 Ke8 34.Rf2 d4 35.Qa1 Bb7
36.Bxd4 Qe4 37.Bxg7 Qxb4 38.Qd1 Bd5 39.Qxh5+ Kd7 40.Qd1 Qc4 41.Be5 Nf5 42.Qa1 Kc6
43.h3 Qe4 44.Qc1+ Kd7 45.Qc7+ Ke8 46.Rb2 Ne7 47.Bf6 Nc6 48.Rb8+  1-0

[Event "Havana-A"]
[Site "Havana"]
[Date "1986.??.??"]
[Round "?"]
[White "Klinger, Josef"]
[Black "Huerta, Ramon"]
[Result "1-0"]
[WhiteElo "2445"]
[BlackElo "2355"]

1.e4 e6 2.d4 d5 3.Nc3 Nf6 4.e5 Nfd7 5.f4 c5 6.Nf3 Nc6 7.Be3 cxd4 8.Nxd4 Qb6
9.Be2 Bc5 10.Na4 Qa5+ 11.c3 Bxd4 12.Bxd4 Nxd4 13.Qxd4 b6 14.Bd1 Qb5 15.b4 a5
16.Nb2 axb4 17.cxb4 Ra3 18.Be2 Qc6 19.O-O Qc3 20.Qxc3 Rxc3 21.Rac1 Rxc1 22.Rxc1 Kd8
23.Na4 Rg8 24.Bb5 g5 25.Bxd7 Bxd7 26.Nxb6 gxf4 27.a4 f3 28.g3 Rg4 29.b5 Rb4
30.Kf2 Rb3 31.Nxd7 Kxd7  1-0

[Event "URS-FL"]
[Site "Irkutsk"]
[Date "1986.??.??"]
[Round "?"]
[White "Aseev, Konstantin N"]
[Black "Dolmatov, Sergey"]
[Result "1/2-1/2"]
[WhiteElo "2440"]
[BlackElo "2510"]

1.e4 e6 2.d4 d5 3.Nc3 Nf6 4.e5 Nfd7 5.f4 c5 6.Nf3 Nc6 7.Be3 cxd4 8.Nxd4 Bc5
9.Be2 Qb6 10.Na4 Qa5+ 11.c3 Nxd4 12.Bxd4 Bxd4 13.Qxd4 b6 14.Bd1 Qb5 15.b4 Ba6
16.Nb2 Qc6 17.Kf2 O-O 18.Re1 f6 19.Kg1 fxe5 20.fxe5 Qc7 21.Bg4 Rae8 22.Rac1 Qd8
23.a4 Qg5 24.h4 Qh6 25.g3 Qg6  1/2-1/2

[Event "Jerusalem"]
[Site "Jerusalem"]
[Date "1986.??.??"]
[Round "?"]
[White "Agdestein, Simen"]
[Black "Veinger, Itzchak"]
[Result "1-0"]
[WhiteElo "2545"]
[BlackElo "2415"]

1.e4 e6 2.d4 d5 3.Nc3 Nf6 4.e5 Nfd7 5.f4 c5 6.Nf3 Nc6 7.Be3 Qb6 8.Na4 Qa5+
9.c3 cxd4 10.b4 Qc7 11.Nxd4 a6 12.Nxc6 bxc6 13.Rb1 Be7 14.Bd3 c5 15.O-O d4
16.cxd4 cxb4 17.f5 Nb6 18.Rc1 Qd8 19.Nxb6 Qxb6 20.Qf3 Bb7 21.d5 Qa5 22.fxe6  1-0

[Event "Tatran Cup"]
[Site "Stary Smokovec"]
[Date "1986.??.??"]
[Round "?"]
[White "Gazik, Igor"]
[Black "Machulsky, Anatoly D"]
[Result "1-0"]
[WhiteElo "2415"]
[BlackElo "2395"]

1.e4 e6 2.d4 d5 3.Nc3 Nf6 4.e5 Nfd7 5.f4 c5 6.Nf3 Nc6 7.Be3 cxd4 8.Nxd4 Qb6
9.Ncb5 Bc5 10.Nxc6 bxc6 11.Bxc5 Nxc5 12.Nd6+ Ke7 13.Qg4 Qb4+ 14.Kf2 Ne4+
15.Nxe4 Qd4+ 16.Kg3 Qxe4 17.Bd3 Qe3+ 18.Kh4 h6 19.Qxg7 Qxf4+ 20.Kh3 h5 21.Raf1 Qg4+
22.Qxg4 hxg4+ 23.Kxg4 Rg8+ 24.Kf3 c5 25.g4 Bb7 26.Kf4 d4 27.Rhg1 Rh8 28.Kg3 Bd5
29.b3 a5 30.Rf4 Rhg8 31.h4 a4 32.Rgf1 Rg7 33.h5 Rh8 34.Kh4 a3 35.g5 Rhg8
36.h6 Rxg5 37.h7  1-0

[Event "Vienna op"]
[Site "Vienna"]
[Date "1986.??.??"]
[Round "?"]
[White "Chandler, Murray G"]
[Black "Klinger, Josef"]
[Result "1/2-1/2"]
[WhiteElo "2535"]
[BlackElo "2445"]

1.e4 e6 2.d4 d5 3.Nc3 Nf6 4.e5 Nfd7 5.f4 c5 6.Nf3 Nc6 7.Be3 cxd4 8.Nxd4 Qb6
9.Qd2 Qxb2 10.Rb1 Qa3 11.Bb5 Ndb8 12.O-O a6 13.Bxc6+ bxc6 14.Rb3 Qa5 15.Rxb8 Rxb8
16.Nxc6 Qc7 17.Nxb8 Qxb8 18.Rb1 Qc7 19.f5 Qxe5 20.fxe6 fxe6 21.Bd4 Qc7 22.Qe3 Be7
23.Bxg7 Bc5 24.Bd4 Bxd4 25.Qxd4  1/2-1/2

[Event "Wch U20"]
[Site "Baguio"]
[Date "1987.??.??"]
[Round "?"]
[White "Fernandez Aguado, Enrique"]
[Black "Gdanski, Jacek"]
[Result "1-0"]
[WhiteElo "2335"]
[BlackElo "2400"]

1.e4 e6 2.d4 d5 3.Nc3 Nf6 4.e5 Nfd7 5.f4 c5 6.Nf3 Nc6 7.Be3 a6 8.a3 f6 9.Qd2 cxd4
10.Bxd4 fxe5 11.Bxe5 Ndxe5 12.fxe5 Be7 13.Bd3 O-O 14.O-O Bd7 15.Kh1 Qe8 16.Qe1 Qh5
17.Qg3 Kh8 18.Ne2 Rf7 19.Nf4 Qh6 20.Nh3 Raf8 21.Nhg5 Bxg5 22.Nxg5 Rxf1+ 23.Rxf1 Rxf1+
24.Bxf1 Qh5 25.Qf4 Kg8 26.Be2 Qe8 27.Bd3 h6 28.Bh7+ Kh8 29.Bg6 Qe7 30.Nf7+ Kg8
31.Nd6 Nd8 32.h4 Bc6 33.c3 b6 34.b4 Qc7 35.Bd3 Bb7 36.Qg3 Bc8 37.Bg6 Bb7
38.Bh5 Bc6 39.Kh2 Qe7 40.Bg6 Qf8 41.Bd3 b5 42.Kh3 Qe7 43.Qg6 Kf8 44.Qh7 Nf7
45.Bg6 Be8 46.Nxf7 Bxf7 47.Qh8+ Bg8 48.Bh7 Qf7 49.Kg3 h5 50.Qxg8+ Qxg8  1-0

[Event "Budel zt"]
[Site "Budel"]
[Date "1987.??.??"]
[Round "?"]
[White "Van der Wiel, John TH"]
[Black "Miralles, Gilles"]
[Result "1-0"]
[WhiteElo "2590"]
[BlackElo "2450"]

1.e4 e6 2.d4 d5 3.Nc3 Nf6 4.e5 Nfd7 5.f4 c5 6.Nf3 Nc6 7.Be3 cxd4 8.Nxd4 Nxd4
9.Bxd4 Nb8 10.Bd3 Nc6 11.Bf2 Qa5 12.O-O Bc5 13.Nb5 Bxf2+ 14.Rxf2 O-O 15.Nd6 h6
16.Qh5 Qb6 17.g4 Nb4 18.g5 Nxd3 19.cxd3 g6 20.Qxh6 Bd7 21.Rc1 Bc6 22.Rc3 Rad8
23.h4 Qe3 24.h5 Qe1+ 25.Kg2 d4+ 26.Rxc6 bxc6 27.Ne4  1-0

[Event "Camaguey-B"]
[Site "Camaguey"]
[Date "1987.??.??"]
[Round "?"]
[White "Garcia Gonzales, Guillermo"]
[Black "Armas, Jorge"]
[Result "1-0"]
[WhiteElo "2445"]
[BlackElo "2455"]

1.e4 e6 2.d4 d5 3.Nc3 Nf6 4.e5 Nfd7 5.f4 c5 6.Nf3 Nc6 7.Be3 cxd4 8.Nxd4 Qb6
9.Qd2 Qxb2 10.Rb1 Qa3 11.Bb5 Nxd4 12.Bxd4 Bb4 13.f5 exf5 14.Rb3 Qa5 15.a3 Qxb5
16.Nxb5 Bxd2+ 17.Kxd2 O-O 18.Nc7 Rb8 19.Bxa7 Rd8 20.Re1 d4 21.Rb4  1-0

[Event "Dortmund op"]
[Site "Dortmund"]
[Date "1987.??.??"]
[Round "7"]
[White "Reeh, Oliver"]
[Black "Borngaesser, Rene"]
[Result "1-0"]
[WhiteElo "2275"]
[BlackElo "2370"]

1.e4 e6 2.d4 d5 3.Nc3 Nf6 4.e5 Nfd7 5.f4 c5 6.Nf3 Nc6 7.Be3 cxd4 8.Nxd4 Nxd4
9.Bxd4 Nb8 10.Bd3 Nc6 11.Bf2 Be7 12.O-O O-O 13.a3 Bd7 14.Qh5 g6 15.Qh6 f5
16.g4 Kh8 17.gxf5 gxf5 18.Kh1 Rg8 19.Rg1 Qf8 20.Rxg8+ Kxg8 21.Rg1+ Kh8 22.Qh5 a6
23.Ne2 d4 24.Rg3 Be8 25.Qh3 Rd8 26.Ng1 Rd7 27.Nf3 b5 28.Kg1 Bd8 29.Kf1 Bf7
30.Be1 b4 31.axb4 Nxb4 32.Bxb4 Qxb4 33.Qh6 Bg8 34.Rxg8+ Kxg8 35.Qxe6+ Rf7
36.Bc4  1-0

[Event "USA-ch (Women)"]
[Site "Estes Park"]
[Date "1987.??.??"]
[Round "1"]
[White "Kuhner, Mary"]
[Black "Donnelly, Ruth A"]
[Result "1-0"]
[WhiteElo "2000"]
[BlackElo "2050"]

1.e4 e6 2.d4 d5 3.Nc3 Nf6 4.e5 Nfd7 5.f4 c5 6.Nf3 Nc6 7.Be3 cxd4 8.Bxd4 Nxd4
9.Nxd4 Bc5 10.Be2 Nxe5 11.Nb3 Nd7 12.Nxc5 Nxc5 13.Qd4 Qb6 14.Qxg7 Rf8 15.O-O-O Bd7
16.Qf6 Rc8 17.Rhe1 Qc7 18.Bd3 b5 19.Bxh7 Ne4 20.Bxe4 dxe4 21.Rxe4 Qc5 22.f5 b4
23.fxe6 fxe6 24.Rxe6+ Bxe6 25.Qxe6+ Qe7 26.Qxc8+ Kf7 27.Rf1+ Kg7 28.Qxf8+  1-0

[Event "USA-ch (Women)"]
[Site "Estes Park"]
[Date "1987.??.??"]
[Round "3"]
[White "Kuhner, Mary"]
[Black "Teasley, Dolly O"]
[Result "0-1"]
[WhiteElo "2000"]
[BlackElo "2180"]

1.e4 e6 2.d4 d5 3.Nc3 Nf6 4.e5 Nfd7 5.f4 c5 6.Nf3 Nc6 7.Be3 Qb6 8.Qd2 c4
9.Rb1 Qa5 10.a3 b5 11.Be2 Be7 12.O-O g6 13.Qe1 Qb6 14.Nd1 a5 15.Nf2 b4 16.a4 b3
17.c3 Qc7 18.g4 Nb6 19.Ra1 Bd7 20.f5 exf5 21.Bg5 O-O-O 22.Bxe7 Nxe7 23.Ng5 Be6
24.Kh1 h6 25.Ngh3 g5 26.gxf5 Nxf5 27.Bg4 Ng7 28.Bxe6+ fxe6 29.Ng4 Nf5 30.Nf6 Rdf8
31.Nf2 Nh4 32.N2g4 Ng6 33.Nh5 Rxf1+ 34.Qxf1 Rf8 35.Ngf6 Qf7 36.Qh3 Nh4 37.Kg1 Nf5
38.Kh1 Qg6 39.Kg1 Kd8 40.Ng3 Nd7 41.Nxf5 Nxf6 42.Qxh6 Qxh6 43.Nxh6 Ne4 44.Rf1 Rxf1+
45.Kxf1 Nxc3  0-1

[Event "Frunze"]
[Site "Frunze"]
[Date "1987.??.??"]
[Round "?"]
[White "Yurtaev, Leonid"]
[Black "Vaisser, Anatoli"]
[Result "0-1"]
[WhiteElo "2460"]
[BlackElo "2490"]

1.e4 e6 2.d4 d5 3.Nc3 Nf6 4.e5 Nfd7 5.f4 c5 6.Nf3 Nc6 7.Be3 Qb6 8.Na4 Qa5+
9.c3 cxd4 10.b4 Nxb4 11.cxb4 Bxb4+ 12.Bd2 Bxd2+ 13.Nxd2 b6 14.h4 O-O 15.Rh3 f6
16.Rb1 Ba6 17.Bxa6 Qxa6 18.Rb4 fxe5 19.fxe5 Nxe5 20.Rxd4 Rf6 21.Nc3 Raf8
22.Qe2 Qxe2+ 23.Nxe2 Nc6 24.Rg4 e5 25.Rhg3 R8f7 26.Rd3 Rd7 27.Ne4 Rf8 28.Rc3 Ne7
29.N4g3 d4 30.Rf3 Nd5 31.Ne4 Ne3 32.Rxf8+ Kxf8 33.Rg5 Rf7 34.Kd2 h6 35.Rh5 Rf1
36.N2g3 Ra1 37.Kd3 Ng4 38.Rf5+ Ke7 39.Nf2 g6 40.Nxg4 gxf5 41.Nxf5+ Ke6 42.Ngxh6 Rxa2
43.g4 a5 44.g5 a4 45.Ke4 a3 46.Ng7+ Kd7 47.Ng4 Re2+ 48.Kd3 Re1 49.Kd2 Rh1
50.Nxe5+ Kc8  0-1

[Event "Gausdal zt"]
[Site "Gausdal"]
[Date "1987.??.??"]
[Round "?"]
[White "Hellers, Ferdinand"]
[Black "Ernst, Thomas"]
[Result "0-1"]
[WhiteElo "2465"]
[BlackElo "2465"]

1.e4 e6 2.d4 d5 3.Nc3 Nf6 4.e5 Nfd7 5.f4 c5 6.Nf3 Nc6 7.Be3 a6 8.Qd2 Be7
9.Be2 cxd4 10.Nxd4 Nc5 11.O-O O-O 12.a3 Bd7 13.Rf3 Rc8 14.Rd1 Qc7 15.Rg3 Kh8
16.b4 Na4 17.Nxa4 Nxd4 18.Bxd4 Bxa4 19.Bd3 Bb5 20.c3 Bxd3 21.Qxd3 Qc4 22.Qf3 g6
23.f5 exf5 24.e6+ f6 25.Re1 Rg8 26.h4 h5 27.Rg5 Rg7 28.Rg3 Kh7 29.Rf1 Ra8
30.Qe3 Rgg8 31.Rf4 Qc6 32.Rgf3 Rae8 33.g4 hxg4 34.Rf2 Bd6 35.Rxf5 gxf5 36.Qd3 Bh2+
37.Rxh2 Qxe6 38.Rf2 Qe4 39.Qg3 Qe1+ 40.Kg2 Re2  0-1

[Event "POL-ch sf"]
[Site "Gdynia"]
[Date "1987.??.??"]
[Round "4"]
[White "Rakowiecki, Tomasz"]
[Black "Gdanski, Jacek"]
[Result "1/2-1/2"]
[WhiteElo "2365"]
[BlackElo "2300"]

1.e4 e6 2.d4 d5 3.Nc3 Nf6 4.e5 Nfd7 5.f4 c5 6.Nf3 Nc6 7.Be3 a6 8.Qd2 b5 9.Be2 b4
10.Na4 Qa5 11.b3 cxd4 12.Nxd4 Qc7 13.O-O Be7 14.Rac1 Nxd4 15.Qxd4 O-O 16.c4  1/2-1/2

[Event "POL-ch sf"]
[Site "Gdynia"]
[Date "1987.??.??"]
[Round "5"]
[White "Przewoznik, Jan"]
[Black "Skrobek, Ryszard"]
[Result "0-1"]
[WhiteElo "2430"]
[BlackElo "2410"]

1.e4 e6 2.d4 d5 3.Nc3 Nf6 4.e5 Nfd7 5.f4 c5 6.Nf3 Nc6 7.Be3 Qb6 8.Na4 Qa5+
9.c3 cxd4 10.b4 Nxb4 11.cxb4 Bxb4+ 12.Bd2 Bxd2+ 13.Nxd2 g5 14.Be2 d3 15.Bh5 Qb4
16.O-O b5 17.Bxf7+ Kxf7 18.Qh5+ Ke7 19.Qxg5+ Ke8 20.f5 bxa4 21.fxe6 Nf8 22.Qg7 Ng6
23.Rac1 Bxe6 24.Rf6 Qb6+ 25.Kh1 Rf8 26.Qxh7 Ne7 27.Rcf1 Rg8 28.Qxd3 Kd7 29.Nf3 Qb2
30.Rg1 Rg4 31.h3 Rh8 32.Qa6 Qb6 33.Qxa4+ Rxa4  0-1

[Event "POL-ch sf"]
[Site "Gdynia"]
[Date "1987.??.??"]
[Round "7"]
[White "Rakowiecki, Tomasz"]
[Black "Skrobek, Ryszard"]
[Result "1/2-1/2"]
[WhiteElo "2365"]
[BlackElo "2410"]

1.e4 e6 2.d4 d5 3.Nc3 Nf6 4.e5 Nfd7 5.f4 c5 6.Nf3 Nc6 7.Be3 Qb6 8.a3 cxd4
9.Nxd4 Bc5 10.Na4 Qa5+ 11.c3 Bxd4 12.Bxd4 Nxd4 13.Qxd4 O-O 14.Bd3 Nb8 15.Bc2 Qb5
16.Bd3  1/2-1/2

[Event "Bundesliga 8687"]
[Site "Germany"]
[Date "1987.??.??"]
[Round "?"]
[White "Goetz, Ralph"]
[Black "Junge, Ralf"]
[Result "0-1"]
[WhiteElo "2320"]
[BlackElo "2340"]

1.e4 e6 2.d4 d5 3.Nc3 Nf6 4.e5 Nfd7 5.Nf3 c5 6.dxc5 Bxc5 7.Bd3 Nc6 8.Qe2 f6
9.exf6 Nxf6 10.O-O O-O 11.Bg5 Bd7 12.Rad1 a6 13.a3 Qc7 14.Bh4 Bd6 15.Bg3 Bxg3
16.hxg3 Rae8 17.Qd2 Kh8 18.Be2 Re7 19.Qe3 Be8 20.Na2 e5 21.c3 Bh5 22.Nb4 Nxb4
23.axb4 d4 24.Qc1 d3 25.Rxd3 e4 26.Rd4 exf3 27.Bxf3 Bxf3 28.gxf3 Rd8 29.Rh4 Rd3
30.Kg2 Rxf3  0-1

[Event "POL-chT"]
[Site "Jachranka"]
[Date "1987.??.??"]
[Round "11"]
[White "Bozek, Adam"]
[Black "Rosiak, Andrzej"]
[Result "0-1"]
[WhiteElo "2305"]
[BlackElo "2345"]

1.e4 e6 2.d4 d5 3.Nc3 Nf6 4.e5 Nfd7 5.f4 c5 6.Nf3 Nc6 7.Ne2 b5 8.c3 b4 9.Ng3 Qb6
10.Be3 bxc3 11.bxc3 Qb2 12.Rc1 cxd4 13.Rc2 Qa3 14.Nxd4 Nb4 15.Rc1 Ba6 16.Bxa6 Nxa6
17.O-O g6 18.f5 gxf5 19.Qh5 Nac5 20.Ngxf5 exf5 21.e6 O-O-O 22.Qxf7 Bd6 23.Qxf5 Qxa2
24.Nb5 Qa6 25.Rb1 Nxe6 26.Nxa7+ Kc7 27.Nb5+ Kc8 28.Na7+ Kc7 29.Ra1 Qe2 30.Nb5+ Qxb5
31.Rfb1 Qc6 32.Ra7+ Kc8 33.Rba1 Bc5 34.Bd4 Bxa7 35.Rxa7 Nxd4 36.cxd4 Qc1+  0-1

[Event "London Peace"]
[Site "London"]
[Date "1987.??.??"]
[Round "?"]
[White "Thipsay, Praveen Mahadeo"]
[Black "Lodhi, Mahmood"]
[Result "0-1"]
[WhiteElo "2420"]
[BlackElo "2365"]

1.e4 e6 2.d4 d5 3.Nc3 Nf6 4.e5 Nfd7 5.Nce2 c5 6.c3 Nc6 7.Nf3 cxd4 8.cxd4 f6
9.Nf4 Ndxe5 10.dxe5 fxe5 11.Nh3 Bc5 12.Be3 Qa5+ 13.Nd2 Bxe3 14.fxe3 O-O 15.Qb3 Bd7
16.Be2 Qc5 17.Nf2 Rxf2 18.Kxf2 Rf8+ 19.Kg1 Nd4 20.Qd1 Nc2 21.Nf1 Nxe3 22.Qc1 Rxf1+  0-1

[Event "Marseille"]
[Site "Marseille"]
[Date "1987.??.??"]
[Round "?"]
[White "Murrey, Jacob"]
[Black "Miralles, Gilles"]
[Result "1-0"]
[WhiteElo "2505"]
[BlackElo "2425"]

1.e4 e6 2.d4 d5 3.Nc3 Nf6 4.e5 Nfd7 5.f4 c5 6.Nf3 Nc6 7.Be3 Qb6 8.a3 f5 9.Ng5 cxd4
10.Nxe6 dxe3 11.Nxd5 Qxb2 12.Bc4 Ndxe5 13.Ra2 Nd3+ 14.Qxd3 Qc1+ 15.Ke2 Qxh1
16.Ndc7+ Ke7 17.Ng5 Qxg2+ 18.Kxe3 Kf6 19.Qc3+ Kg6 20.Bf7+ Kh6 21.Ra1 b6 22.Bd5 Bc5+
23.Qxc5 bxc5 24.Nf7+ Kh5 25.Bxg2 Bd7 26.Nxa8 Rxa8 27.Rg1 Re8+ 28.Kf2 Nd4
29.Ne5 Be6 30.c3 Nb3 31.Bc6 Re7 32.Rg3 Kh4 33.Bg2  1-0

[Event "NLD-chT"]
[Site "NLD"]
[Date "1987.??.??"]
[Round "?"]
[White "Van der Wiel, John TH"]
[Black "Peek, Marcel"]
[Result "1-0"]
[WhiteElo "2590"]
[BlackElo "2225"]

1.e4 e6 2.d4 d5 3.Nc3 Nf6 4.e5 Nfd7 5.f4 c5 6.Nf3 Nc6 7.Be3 cxd4 8.Nxd4 Bc5
9.Be2 O-O 10.Qd2 a6 11.O-O Nxd4 12.Bxd4 Qb6 13.Bxc5 Qxc5+ 14.Kh1 Nb6 15.a4 Bd7
16.a5 Nc4 17.Bxc4 Qxc4 18.f5 exf5 19.Nxd5 Rad8 20.Rf4 Qc5 21.b4 Qa7 22.Ne7+ Kh8
23.Rd4  1-0